书目信息 |
| 题名: |
毽球
|
|
| 作者: | 张颖 主编 | |
| 分册: | ||
| 出版信息: | 长春 吉林出版集团股份有限公司 2021.1 |
|
| 页数: | 122页 | |
| 开本: | 23cm | |
| 丛书名: | 全民健身计划系列丛书 | |
| 单 册: | ||
| 中图分类: | G849.9 | |
| 科图分类: | ||
| 主题词: | 毽球运动--基本知识 | |
| 电子资源: | ||
| ISBN: | 978-7-5581-7958-7 | |
| 000 | 00854nam0 2200265 450 | |
| 001 | 012001001375 | |
| 005 | 20141202142214.0 | |
| 010 | @a978-7-5581-7958-7@dCNY36.00 | |
| 100 | @a20220905d2020 em y0chiy50 ea | |
| 101 | 0 | @achi |
| 102 | @aCN@b220000 | |
| 105 | @aa z 000yy | |
| 106 | @ar | |
| 200 | 1 | @a毽球@Ajian qiu@f张颖主编 |
| 210 | @a长春@c吉林出版集团股份有限公司@d2021.1 | |
| 215 | @a122页@c彩图@d23cm | |
| 225 | 1 | @a全民健身计划系列丛书@f张颖主编 |
| 312 | @a封面英文题名:Shuttlecock | |
| 330 | @a本书共分四章,内容包括:概述、运动保健、基本技术与战术、比赛规则、个人对抗赛(藐踢)竞赛规则、四人传踢赛(围裹)竞赛细则(试用版)。 | |
| 510 | 1 | @aShuttlecock@zeng |
| 606 | 0 | @a毽球运动@x基本知识 |
| 690 | @aG849.9@v5 | |
| 701 | 0 | @a张颖@Azhang ying@c(体育)@4主编 |
| 801 | 0 | @aCN@bAHXH@c20221111 |
| 905 | @b1363123-7@dG849.9@e2000@f5 | |
| 毽球/张颖主编.-长春:吉林出版集团股份有限公司,2021.1 |
| 122页:彩图;23cm.-(全民健身计划系列丛书/张颖主编) |
| ISBN 978-7-5581-7958-7:CNY36.00 |
| 本书共分四章,内容包括:概述、运动保健、基本技术与战术、比赛规则、个人对抗赛(藐踢)竞赛规则、四人传踢赛(围裹)竞赛细则(试用版)。 |
| ● |
| 相关链接 |
|
|
|
|
正题名:毽球
索取号:G849.9/2000
 
预约/预借
| 序号 | 登录号 | 条形码 | 馆藏地/架位号 | 状态 | 备注 |
| 1 | 1363123 | 213631239 | 第一样本阅览室/ [索取号:G849.9/2000] | 在馆 | |
| 2 | 1363124 | 213631248 | 教育系资料室/ [索取号:G849.9/2000] | 在馆 | |
| 3 | 1363125 | 213631257 | 教育系资料室/ [索取号:G849.9/2000] | 在馆 | |
| 4 | 1363126 | 213631266 | 第四借阅区/ [索取号:G849.9/2000] | 在馆 | |
| 5 | 1363127 | 213631275 | 第四借阅区/ [索取号:G849.9/2000] | 在馆 | |
| 6 | 1378692 | 213786928 | 第四借阅区/ [索取号:G849.9/2000] | 在馆 | |
| 7 | 1378693 | 213786937 | 第四借阅区/ [索取号:G849.9/2000] | 在馆 | |
| 8 | 1378694 | 213786946 | 第四借阅区/ [索取号:G849.9/2000] | 在馆 | |
| 9 | 1378695 | 213786955 | 第四借阅区/ [索取号:G849.9/2000] | 在馆 |